000 00625nam a2200217 i 4500
001 15851
003 ES-MaACL
005 20230906151153.0
007 t|
008 000508s1990 sp ||||0| spa d
016 7 _zCEN920127832
020 _a84-86879-24-8
040 _aCEN
_bspa
_cCEN
080 _a860-31"19"
100 1 _aBertelli, Luis.
_928432
245 1 0 _aClan Judicial /
_cLuís Bertelli ; prólogo de Carlos Luis Alvarez "Cándido".
260 _a[Madrid] :
_bKayleda,
_cD.L. 1990.
300 _a231 p :
_bil ;
_c24 cm.
700 1 _aÁlvarez, Carlos Luis.
_920621
852 _aES-MaACL
_jL-23099
_bR.118685
999 _c15851
_d15851